Tribhuvan University Central Library

The city poverty assessment, a primer (Record no. 24156)

MARC details
000 -LEADER
fixed length control field 006360000a22002650004500
082 ## - DEWEY DECIMAL CLASSIFICATION NUMBER
Classification number 339.46
Item number W893c
-- UN
041 ## - LANGUAGE CODE
Language code of text/sound track or separate title Eng
100 ## - MAIN ENTRY--PERSONAL NAME
Personal name Hentschel, Jesko
100 ## - MAIN ENTRY--PERSONAL NAME
Personal name Seshagiri, Radha
110 ## - MAIN ENTRY--CORPORATE NAME
Corporate name or jurisdiction name as entry element The World Bank
245 ## - TITLE STATEMENT
Title The city poverty assessment, a primer
260 ## - PUBLICATION, DISTRIBUTION, ETC. (IMPRINT)
Place of publication, distribution, etc Washington D. C.
Name of publisher, distributor, etc United Nation, USA
260 ## - PUBLICATION, DISTRIBUTION, ETC. (IMPRINT)
Date of publication, distribution, etc 2000
300 ## - PHYSICAL DESCRIPTION
Extent 37p.
500 ## - GENERAL NOTE
General note Bibliography:p. 35-37
518 ## - DATE/TIME AND PLACE OF AN EVENT NOTE
Date/time and place of an event note 2001-08-02
530 ## - ADDITIONAL PHYSICAL FORM AVAILABLE NOTE
Additional physical form available note M
650 ## - SUBJECT ADDED ENTRY--TOPICAL TERM
Topical term or geographic name as entry element Poverty
650 ## - SUBJECT ADDED ENTRY--TOPICAL TERM
Topical term or geographic name as entry element Social problems
650 ## - SUBJECT ADDED ENTRY--TOPICAL TERM
Topical term or geographic name as entry element Poor
650 ## - SUBJECT ADDED ENTRY--TOPICAL TERM
Topical term or geographic name as entry element Cost reduction
650 ## - SUBJECT ADDED ENTRY--TOPICAL TERM
Topical term or geographic name as entry element Social inequality
650 ## - SUBJECT ADDED ENTRY--TOPICAL TERM
Topical term or geographic name as entry element Poverty alleviation
942 ## - ADDED ENTRY ELEMENTS (KOHA)
Koha item type General Collections
Holdings
Withdrawn status Lost status Damaged status Not for loan Home library Current library Date acquired Total Checkouts Barcode Date last seen Price effective from
        Tribhuvan University Central Library Tribhuvan University Central Library 06/20/2010   UN19246 06/20/2010 06/20/2010